[Event "ICS rated blitz match"]
[Site "204.178.125.65"]
[Date "2001.01.20"]
[Round "?"]
[White "Hossa"]
[Black "Viveiros"]
[Result "1-0"]
[WhiteElo "2555"]
[BlackElo "2051"]
[Annotator "Fritz 6 (19s)"]
[PlyCount "53"]
[EventDate "2001.??.??"]

1. d4 {E26: Nimzoindisch (Saemisch-Variante)} 1... Nf6 2. c4 e6 3. Nc3 Bb4 4.
a3 Bxc3+ 5. bxc3 c5 6. e3 Nc6 7. Bd3 d6 8. Nf3 e5 9. d5 {Raumgewinn} 9... Ne7
10. e4 h6 {Deckt g5} 11. O-O Ng6 12. Be3 O-O 13. Qc2 Nh5 14. Rfb1 Nhf4 15. Bf1
f5 {Nimzowitsch: Bauernketten von der Basis aufrollen} 16. g3 {
Ueberdeckt h4. Weiss ergreift die Initiative} 16... fxe4 17. Nd2 Qe7 18. Nxe4 {
Dort fuehlt sich der weisse Springer wohl} ({Schlechter ist} 18. Qxe4 Bf5 19.
Qh1 Bxb1 20. Rxb1 Rab8 $17) 18... b6 $2 (18... Bf5 $142 $11 {
und Schwarz kann noch kaempfen}) 19. gxf4 $18 exf4 20. Bd2 Bf5 (20... Nh4 21.
Qd3 Bg4 22. Be2 $14) 21. Re1 $16 Qh4 22. Qd1 Ne5 23. f3 (23. Nxd6 $4 {
Weiss schlaegt einen vergifteten Bauern} 23... Ng4 24. Bxf4 Qxf2+ 25. Kh1 Qxf4
$19) 23... Bxe4 24. Rxe4 (24. fxe4 $4 f3 25. Re2 f2+ 26. Rxf2 Rxf2 $19) 24...
Rf6 25. Bg2 Rg6 $2 (25... Rf5 $18) 26. Bxf4 Qh3 {|^xg2 muss beachtet werden}
27. Qe2 (27. Qe2 Nf7 28. Re8+ Rxe8 29. Qxe8+ Kh7 30. Bg3 $18) 1-0

[Event "ICS rated blitz match"]
[Site "204.178.125.65"]
[Date "2001.01.20"]
[Round "?"]
[White "Viveiros"]
[Black "Hossa"]
[Result "0-1"]
[WhiteElo "2049"]
[BlackElo "2557"]
[Annotator "Fritz 6 (19s)"]
[PlyCount "84"]
[EventDate "2001.??.??"]

1. Nf3 {D02: Damenbauernspiele} 1... d5 2. d4 Nc6 3. e3 e6 4. a3 Nf6 5. b3 Bd6
6. Bb2 Ne7 7. Nbd2 O-O 8. Bd3 Bd7 9. Qe2 Bc6 10. Ne5 a5 11. O-O-O Nc8 12. f4
Qe7 13. Nb1 Nb6 14. g4 a4 15. b4 Bxe5 16. fxe5 Ne4 17. Rdg1 f6 18. exf6 Nxf6
19. Nd2 Nc4 20. Bxc4 dxc4 21. e4 b5 22. g5 Nd7 23. h4 e5 24. d5 Bb7 25. Nf3 c6
26. dxc6 Bxc6 27. Rh3 Qe6 28. Rhg3 Rf4 29. g6 h6 30. Nd2 Nf6 31. Re3 Rxh4 32.
Nf3 Rxe4 33. Rxe4 Nxe4 34. Bxe5 c3 35. Qh2 Rf8 36. Nd4 Qa2 37. Kd1 Rf2 38. Qxf2
Nxf2+ 39. Ke2 Nh3 40. Rg3 Qd5 41. Re3 Qg2+ 42. Kd3 (42. Ke1 {
nuetzt auch nichts mehr} 42... Qd2+ 43. Kf1 Bg2#) 42... Qd2# 0-1

[Event "ICS rated blitz match"]
[Site "204.178.125.65"]
[Date "2001.01.20"]
[Round "?"]
[White "Hossa"]
[Black "Radik"]
[Result "1-0"]
[WhiteElo "2559"]
[BlackElo "2599"]
[PlyCount "53"]
[EventDate "2001.??.??"]

1. e4 c5 2. c3 Nf6 3. e5 Nd5 4. d4 cxd4 5. Nf3 Nc6 6. Bc4 Nb6 7. Bb3 d5 8. cxd4
Bg4 9. Nc3 e6 10. Be3 Be7 11. O-O Na5 12. Bc2 Nbc4 13. Ba4+ Nc6 14. b3 Nxe3 15.
Bxc6+ bxc6 16. fxe3 c5 17. Rc1 O-O 18. Qe2 Rc8 19. Qb5 cxd4 20. Nxd4 Bg5 21.
Qd3 Bh5 22. Qd2 Qd7 23. Qf2 Rc7 24. Qg3 Bh6 25. Nxd5 exd5 26. e6 Bxe3+ 27. Qxe3
{Radik resigns} 1-0

[Event "ICS rated blitz match"]
[Site "204.178.125.65"]
[Date "2001.01.20"]
[Round "?"]
[White "Amateur"]
[Black "Hossa"]
[Result "1-0"]
[WhiteElo "2589"]
[BlackElo "2577"]
[PlyCount "97"]
[EventDate "2001.??.??"]

1. c4 e5 2. Nc3 Nc6 3. Nf3 g6 4. d4 exd4 5. Nxd4 Bg7 6. Nxc6 bxc6 7. e4 Ne7 8.
Bd3 O-O 9. O-O f5 10. Bg5 d6 11. Re1 h6 12. Bxe7 Qxe7 13. exf5 Qf7 14. Be4 Qxc4
15. fxg6 Bxc3 16. bxc3 Qxc3 17. Rc1 Qf6 18. Bxc6 Rb8 19. Bd5+ Kg7 20. Rxc7+
Kxg6 21. Rxc8 Qxf2+ 22. Kh1 Rbxc8 23. Qg4+ Kh7 24. Re7+ Rf7 25. Rxf7+ Qxf7 26.
Be4+ Kh8 27. Qxc8+ Kg7 28. Qc3+ Qf6 29. Qc7+ Qf7 30. Qxf7+ Kxf7 31. g4 Ke6 32.
Kg2 Ke5 33. Kf3 d5 34. Bh7 Kd4 35. Kf4 Kc3 36. h4 d4 37. g5 hxg5+ 38. hxg5 a5
39. Bg6 a4 40. Bh5 d3 41. g6 Kc2 42. g7 d2 43. g8=Q Kb2 44. Qc4 d1=Q 45. Bxd1
Kb1 46. Qc2+ Ka1 47. Qc1+ Kxa2 48. Bc2 a3 49. Qb1# {Hossa checkmated} 1-0

[Event "ICS rated blitz match"]
[Site "204.178.125.65"]
[Date "2001.01.20"]
[Round "?"]
[White "Hossa"]
[Black "ChesterX"]
[Result "0-1"]
[WhiteElo "2562"]
[BlackElo "2544"]
[PlyCount "250"]
[EventDate "2001.??.??"]

1. d4 e6 2. c4 Nf6 3. Nc3 Bb4 4. e3 c5 5. a3 Bxc3+ 6. bxc3 Nc6 7. Nf3 Qa5 8.
Qc2 d5 9. Bd3 dxc4 10. Bxc4 b5 11. Ba2 cxd4 12. exd4 Bb7 13. O-O Ne7 14. Ne5
O-O 15. Qb2 Bd5 16. Bg5 Bxa2 17. Rxa2 Rfc8 18. Bxf6 gxf6 19. Nd7 Nd5 20. Qc1
Kh8 21. Qh6 Qd8 22. Nc5 Nxc3 23. Rd2 a5 24. Rc1 b4 25. g3 Nb5 26. d5 exd5 27.
axb4 axb4 28. Nb3 Rxc1+ 29. Nxc1 d4 30. Nb3 Rc8 31. Qf4 Rc4 32. Qf3 Qd6 33. Qh5
Qd7 34. Qh6 Qe7 35. Re2 Qd8 36. Re4 f5 37. Rh4 Qg8 38. Qf6+ Qg7 39. Qxf5 Nd6
40. Qf4 Ne8 41. Nxd4 Nf6 42. Qd6 Qg6 43. Kg2 Ng8 44. Qd5 Rc8 45. Nf3 Nf6 46.
Qb7 Re8 47. Qxb4 Qf5 48. Rf4 Qe6 49. Qc3 Kg7 50. Nd4 Qd5+ 51. Kg1 Qe5 52. Qf3
Rb8 53. Qd1 Rb2 54. Nf5+ Kg6 55. Ne3 Qc5 56. Qd3+ Kg7 57. Rc4 Qb6 58. Nf5+ Kg6
59. Nd4+ Kg7 60. Qf5 Rb1+ 61. Kg2 Qd8 62. Nf3 Rb6 63. Qg5+ Kh8 64. Rf4 Rd6 65.
Rh4 Qg8 66. Qf4 Qf8 67. Qf5 Qe7 68. Rh6 Kg7 69. Qg5+ Kh8 70. h3 Rc6 71. Kg1 Qa3
72. Nd2 Qc3 73. Nf1 Re6 74. Qf4 Kg7 75. Rh4 Qc5 76. Qh6+ Kg8 77. Ne3 Qc1+ 78.
Kh2 Qd2 79. Kg2 Qa5 80. Rc4 Qa8+ 81. Kg1 Qa5 82. Nc2 Qf5 83. Rc8+ Ne8 84. Qf4
Qxh3 85. Qg5+ Kf8 86. Qh4 Qxh4 87. gxh4 Re4 88. Ne3 Rxh4 89. Nd5 Re4 90. Nf6
Re6 91. Nxh7+ Ke7 92. Rc3 Re1+ 93. Kg2 Kd6 94. Ng5 f5 95. Nf3 Rd1 96. Rb3 Nc7
97. Rb6+ Kd5 98. Kg3 Rd3 99. Rb7 Kc6 100. Rb8 Ne6 101. Rc8+ Kd5 102. Ra8 Kc4
103. Ra4+ Kb5 104. Ra1 Nd4 105. Ra2 Rxf3+ 106. Kh4 Kc4 107. Kg5 Kd5 108. Kf6
Ke4 109. Rd2 f4 110. Kg5 Rc3 111. Kg4 Rc2 112. Rxc2 Nxc2 113. Kg5 Ne3 114. Kh5
Nd1 115. f3+ Kxf3 116. Kg5 Ke3 117. Kf5 f3 118. Ke5 f2 119. Kd5 f1=Q 120. Kd6
Qf6+ 121. Kd7 Kd4 122. Ke8 Kd5 123. Kd7 Qf7+ 124. Kd8 Kd6 125. Kc8 Qc7# {
Hossa checkmated} 0-1

[Event "ICS rated blitz match"]
[Site "204.178.125.65"]
[Date "2001.01.20"]
[Round "?"]
[White "ChesterX"]
[Black "Hossa"]
[Result "1-0"]
[WhiteElo "2561"]
[BlackElo "2545"]
[PlyCount "87"]
[EventDate "2001.??.??"]

1. d4 Nf6 2. c4 g6 3. Nc3 Bg7 4. e4 d6 5. h3 O-O 6. Bg5 h6 7. Be3 e5 8. Nf3
exd4 9. Nxd4 Na6 10. Ndb5 Re8 11. f3 Nh5 12. Bf2 Bd7 13. g4 Nf4 14. Qd2 Be5 15.
O-O-O Nb4 16. Be3 Qf6 17. Nxc7 Bxc3 18. bxc3 Nxa2+ 19. Kb2 Ne6 20. Nxe8 Bxe8
21. Kxa2 Ba4 22. Rb1 Qxf3 23. Bg2 Qg3 24. Rxb7 Bc6 25. Rxa7 Rxa7+ 26. Bxa7 Bb7
27. Bb8 Ba6 28. c5 Bc4+ 29. Ka3 Qh4 30. Bxd6 Bb5 31. Rb1 Bc6 32. Rb8+ Kg7 33.
Be5+ f6 34. Qd6 Kf7 35. Qxc6 fxe5 36. Qe8+ Kf6 37. Rb7 Kg5 38. Rf7 Qxg4 39.
Qe7+ Kh5 40. hxg4+ Kxg4 41. Qxe6+ Kh4 42. Qh3+ Kg5 43. Qg3+ Kh5 44. Bf3# {
Hossa checkmated} 1-0

[Event "ICS rated blitz match"]
[Site "204.178.125.65"]
[Date "2001.01.20"]
[Round "?"]
[White "Hossa"]
[Black "PostModernist"]
[Result "1-0"]
[WhiteElo "2530"]
[BlackElo "2669"]
[PlyCount "125"]
[EventDate "2001.??.??"]

1. e4 e5 2. Nf3 Nc6 3. Bb5 a6 4. Ba4 d6 5. O-O Nge7 6. c3 Bd7 7. d4 Ng6 8. Bg5
Be7 9. Bxe7 Qxe7 10. d5 Nd8 11. Nbd2 O-O 12. Bxd7 Qxd7 13. Ng5 Nf4 14. Nc4 f6
15. Nf3 Qg4 16. Ne3 Qg6 17. g3 Nf7 18. Kh1 Nh3 19. Nf5 Qg4 20. Nd2 Qxd1 21.
Raxd1 g6 22. Ne3 Rfe8 23. Kg2 Nfg5 24. Rde1 f5 25. exf5 e4 26. Ng4 Kg7 27. f6+
Kf7 28. f4 exf3+ 29. Nxf3 h5 30. Nh6+ Kxf6 31. Nxg5+ Kxg5 32. Nf7+ Kg4 33. Re6
Rxe6 34. dxe6 Re8 35. Rd1 Nf4+ 36. gxf4 Rxe6 37. h3+ Kf5 38. Kf3 Kf6 39. Ng5
Re8 40. Ne4+ Kg7 41. Rg1 Rf8 42. Re1 Re8 43. Re3 Re7 44. Ng5 Rd7 45. Re1 c6 46.
b3 d5 47. h4 a5 48. Re8 b5 49. Rc8 Re7 50. Rxc6 Re1 51. Rc5 b4 52. cxb4 axb4
53. Rxd5 Rf1+ 54. Ke2 Rh1 55. Rd7+ Kh8 56. Nf3 Ra1 57. Ra7 Kg8 58. Ne5 Rh1 59.
Nxg6 Rh3 60. Ne7+ Kf8 61. Nf5 Rh2+ 62. Kd3 Rf2 63. Nd4 {PostModernist resigns}
1-0

[Event "ICS rated standard match"]
[Site "204.178.125.65"]
[Date "2001.01.20"]
[Round "?"]
[White "Hossa"]
[Black "ChesterX"]
[Result "0-1"]
[WhiteElo "2327"]
[BlackElo "2504"]
[Annotator "Fritz 6 (19s)"]
[PlyCount "66"]
[EventDate "2001.??.??"]

1. e4 {C54: Italienische Partie (Hauptvariante)} 1... e5 2. Nf3 Nc6 3. Bc4 Bc5
4. c3 {Befestigt b4} 4... Nf6 5. d4 exd4 6. cxd4 Bb4+ 7. Bd2 Bxd2+ 8. Nbxd2 d5
9. exd5 Nxd5 10. O-O O-O 11. Ne5 Nb6 12. Ndf3 Nxe5 13. Nxe5 Nxc4 14. Nxc4 Be6
15. Qd3 Qf6 16. Rfe1 (16. Ne5 c5 17. Qe3 cxd4 18. Qxd4 Rfd8 $11) 16... Rfd8 17.
Ne5 c5 18. Qb5 cxd4 19. Qxb7 Rab8 20. Qxa7 Rxb2 21. Nd3 {
Der weisse Springer stemmt sich gegen den Bauern d4} 21... Rd2 22. Red1 Rc2 23.
Rdc1 Rc3 24. Rd1 Bc4 25. Nc5 (25. Ne1 $5 $17) 25... Bd5 26. Nd7 $4 {
auch bessere Zuege haetten die Partie nicht gerettet.} (26. Re1 $142 $19) 26...
Qg6 27. f3 Rc2 28. Rd2 Rxd2 29. g3 (29. Nf6+ {
aendert nichts am Ausgang der Partie} 29... gxf6 30. Qxf7+ Kxf7 31. g3 Qh6 32.
Kf1 Bc4+ 33. Ke1 Qe3#) 29... Qh6 30. Nf6+ (30. Qxd4 {
waere gleichermassen fruchtlos} 30... Qxh2+ 31. Kf1 Qg2+ 32. Ke1 Qe2#) 30...
gxf6 31. Qxf7+ Kxf7 32. Rd1 (32. Kf1 {hilft allerdings auch nicht} 32... Bc4+
33. Ke1 Qe3#) 32... Qxh2+ 33. Kf1 Rxd1# 0-1

[Event "ICS rated blitz match"]
[Site "204.178.125.65"]
[Date "2001.01.20"]
[Round "?"]
[White "Hossa"]
[Black "ChesterX"]
[Result "1-0"]
[WhiteElo "2552"]
[BlackElo "2592"]
[PlyCount "116"]
[EventDate "2001.??.??"]

1. e4 c6 2. d4 d5 3. Nc3 dxe4 4. Nxe4 Nd7 5. Bd3 Ngf6 6. Ng5 e6 7. Ne2 Bd6 8.
O-O O-O 9. Bd2 c5 10. c3 h6 11. Nf3 b6 12. Ng3 Bb7 13. Qe2 Qc7 14. Rfc1 Rac8
15. a4 Rfd8 16. b4 c4 17. Bc2 Bf4 18. Bxf4 Qxf4 19. Nd2 e5 20. Nf5 Nd5 21. Be4
N7f6 22. g3 Qg5 23. h4 Nf4 24. Qd1 Nh3+ 25. Kf1 Qxd2 26. Qxd2 Nxe4 27. Qb2 Rc7
28. f3 Nef2 29. Qe2 Nd3 30. Rc2 exd4 31. Qh2 Bxf3 32. Qxh3 dxc3 33. Rxc3 h5 34.
Ne3 Re7 35. Nxc4 Rde8 36. Rxd3 Be2+ 37. Kg1 Bxd3 38. Nd6 Rd8 39. Rd1 Bc2 40.
Rc1 Rc7 41. Nb5 Bf5 42. Qf1 Bd3 43. Qf4 Rxc1+ 44. Qxc1 Bxb5 45. axb5 g6 46. Qc7
Rd5 47. Qxa7 Rxb5 48. Qa8+ Kh7 49. Qf8 Rf5 50. b5 Rf3 51. Kg2 Rf5 52. Qe7 Kg7
53. Qd7 Re5 54. Qd4 f6 55. Qxb6 Re7 56. Qd6 Rf7 57. b6 g5 58. hxg5 fxg5 {
ChesterX resigns} 1-0

[Event "ICS rated standard match"]
[Site "204.178.125.65"]
[Date "2001.01.20"]
[Round "?"]
[White "kantin"]
[Black "Hossa"]
[Result "1-0"]
[WhiteElo "2523"]
[BlackElo "2319"]
[PlyCount "125"]
[EventDate "2001.??.??"]

1. d4 e6 2. e4 d5 3. e5 c5 4. c3 Nc6 5. Nf3 Bd7 6. Be2 cxd4 7. cxd4 f6 8. O-O
Nge7 9. Nc3 fxe5 10. dxe5 Ng6 11. Re1 Be7 12. Bd3 O-O 13. Bxg6 hxg6 14. b3 g5
15. Bb2 g4 16. Nd4 Bc5 17. Na4 Bxd4 18. Bxd4 Qh4 19. Nc5 Bc8 20. Be3 Nxe5 21.
Rc1 b6 22. Nd3 Nxd3 23. Qxd3 g3 24. hxg3 Qh5 25. Bd4 Bd7 26. Rc7 Rf7 27. Qe3
Qg6 28. Qe5 Be8 29. a3 Qh6 30. g4 Rd8 31. Rxf7 Bxf7 32. g5 Qg6 33. Qc7 Re8 34.
Qxa7 b5 35. f4 Qh7 36. Be5 Qh5 37. Qb7 Qg4 38. Rc1 Qh5 39. Qxb5 Qh7 40. Qb4 Ra8
41. Qb7 Re8 42. Rc8 Qb1+ 43. Kf2 Qh7 44. Rxe8+ Bxe8 45. Qc8 Qh4+ 46. Kf3 Qh5+
47. Ke3 Qf7 48. a4 Qd7 49. Qb8 Kh7 50. g4 Bg6 51. Kd4 Bc2 52. a5 Bd1 53. a6
Bxb3 54. Qb7 Ba4 55. Kc5 Kg6 56. Qxd7 Bxd7 57. a7 Kf7 58. a8=Q Ba4 59. Qa7+ Ke8
60. Kd6 Bd7 61. Qxd7+ Kf8 62. Qxg7+ Ke8 63. Qe7# {Hossa checkmated} 1-0

[Event "ICS rated blitz match"]
[Site "204.178.125.65"]
[Date "2001.01.20"]
[Round "?"]
[White "Hossa"]
[Black "gimmeyoqueen"]
[Result "1-0"]
[WhiteElo "2575"]
[BlackElo "1989"]
[PlyCount "39"]
[EventDate "2001.??.??"]

1. d4 g6 2. e4 Bg7 3. c3 c6 4. Nf3 d5 5. exd5 cxd5 6. Bb5+ Nc6 7. Ne5 Bd7 8.
Nxd7 Qxd7 9. O-O a6 10. Bd3 e6 11. Qf3 Nge7 12. Re1 O-O 13. Bf4 Nc8 14. Nd2 Nd6
15. Qg4 Rae8 16. Nb3 Nf5 17. Nc5 Qc8 18. Qh3 b6 19. Bxa6 Qa8 20. Bb7 {
gimmeyoqueen resigns} 1-0

[Event "ICS rated blitz match"]
[Site "204.178.125.65"]
[Date "2001.01.20"]
[Round "?"]
[White "gimmeyoqueen"]
[Black "Hossa"]
[Result "0-1"]
[WhiteElo "1988"]
[BlackElo "2576"]
[PlyCount "62"]
[EventDate "2001.??.??"]

1. e4 e5 2. Nf3 Nf6 3. Nc3 Bb4 4. d3 d5 5. Bd2 d4 6. Ne2 Bxd2+ 7. Qxd2 Qd6 8.
Ng3 O-O 9. Be2 c5 10. c3 dxc3 11. bxc3 Rd8 12. O-O Nc6 13. Qe3 b5 14. h3 b4 15.
Rac1 bxc3 16. Rxc3 Nd4 17. Bd1 Be6 18. Bb3 Bxb3 19. axb3 Rab8 20. Nf5 Nxf5 21.
exf5 Nd5 22. Qxe5 Qxe5 23. Nxe5 Nxc3 24. Nc6 Ne2+ 25. Kh2 Nd4 26. Nxd8 Rxd8 27.
Rc1 Nxb3 28. Rc3 Rb8 29. Rc4 a5 30. Ra4 Rd8 31. Re4 f6 {gimmeyoqueen resigns}
0-1

[Event "ICS rated bullet match"]
[Site "204.178.125.65"]
[Date "2001.01.20"]
[Round "?"]
[White "Amateur"]
[Black "Hossa"]
[Result "0-1"]
[WhiteElo "2414"]
[BlackElo "2500"]
[PlyCount "122"]
[EventDate "2001.??.??"]

1. d4 d5 2. Bg5 Nf6 3. e3 e6 4. Nf3 Be7 5. Bd3 Nbd7 6. O-O O-O 7. Nc3 Re8 8.
Qe2 c6 9. e4 dxe4 10. Nxe4 Nxe4 11. Qxe4 Bxg5 12. Qxh7+ Kf8 13. Qh8+ Ke7 14.
Qxg7 Rg8 15. Qh7 Nf6 16. Qh3 e5 17. Bf5 Rh8 18. Bxc8 Rxh3 19. Bxh3 Qg8 20. dxe5
Ne4 21. Rfe1 Nd2 22. Nd4 Kf8 23. Bf5 Bf4 24. Re2 Qh8 25. h3 Re8 26. Rae1 Rxe5
27. Bc8 Rxe2 28. Nxe2 Bd6 29. Nc3 Bb4 30. Re3 Bxc3 31. Rxc3 b6 32. Rd3 Qxb2 33.
Rd8+ Kg7 34. Rd7 a5 35. a3 Qxa3 36. Kh2 Qc3 37. Rb7 Nc4 38. Bd7 Qxc2 39. Bxc6
Qxf2 40. Bd5 Ne5 41. Ra7 Ng4+ 42. hxg4 Qh4+ 43. Kg1 Qe1+ 44. Kh2 Qe5+ 45. Kg1
Qxd5 46. Kf2 Qd2+ 47. Kf3 Kf6 48. g3 b5 49. Ra6+ Kg5 50. Ra7 Qd3+ 51. Kg2 Qe2+
52. Kh3 Qf1+ 53. Kh2 Qf2+ 54. Kh1 Qxa7 55. Kg2 a4 56. Kf3 a3 57. Ke4 Qc5 58.
Kf3 a2 59. Ke4 a1=Q 60. Kf3 Qf1+ 61. Ke4 Qe2# {Amateur checkmated} 0-1

[Event "ICS rated bullet match"]
[Site "204.178.125.65"]
[Date "2001.01.20"]
[Round "?"]
[White "Hossa"]
[Black "Amateur"]
[Result "0-1"]
[WhiteElo "2512"]
[BlackElo "2402"]
[Annotator "Nimzo 8 (23s)"]
[PlyCount "116"]
[EventDate "2001.??.??"]

{A41: Moderne Verteidigung gegen 1.d4 (mit oder ohne spaeterem e2-e4 und Sf6)} 
1. d4 d6 2. g3 (2. Nf3 Nf6 $14) 2... g6 3. Nf3 Bg7 4. d5 (4. Bg2 $5 $14) 4...
Nf6 5. Bg2 c6 6. dxc6 Nxc6 7. O-O O-O 8. Nc3 Bg4 9. h3 (9. e4 $5 $15 {
ist vielleicht staerker}) 9... Bxf3 10. Bxf3 Qd7 11. Bg2 Rac8 12. Bg5 Ne5 13.
Rb1 b6 14. Qd4 Rfe8 15. Qf4 Nc4 16. Qc1 Qf5 17. e4 Qa5 18. b4 Qe5 19. Rb3 a5
20. Bf4 Qe6 21. b5 Nh5 22. Bh6 Rc5 23. Nd5 (23. Bxg7 Nxg7 24. Rd1 Nh5 $17)
23... Qe5 24. Bf3 $2 (24. Bd2 a4 25. Rb4 a3 $15) 24... a4 25. Rc3 $4 {
verschlechtert die Stellung weiter} (25. Bxg7 $142 Nxg7 26. Rd3 $17) 25... Bxh6
26. Qxh6 Nf6 27. Rd3 (27. Be2 Nxe4 28. Rxc4 Qxd5 $19) 27... Nxd5 28. Rxd5 Rxd5
29. exd5 Qb2 30. Be4 Qxa2 31. Bd3 (31. Qf4 Rc8 $19) 31... Nb2 32. Be4 (32. Qe3
{macht keinen grossen Unterschied} 32... Qxd5 (32... Nxd3 $143 33. Qxd3 Rc8 34.
Qe4 $19) 33. Qxb6 Nxd3 34. cxd3 Qxd3 $19) 32... Qc4 33. Re1 (33. Qe3 {
nuetzt auch nichts mehr} 33... Qxb5 34. Rb1 Qb4 $19) 33... Qxb5 34. Rb1 (34.
Ra1 {hilft allerdings auch nicht} 34... Qb4 35. Qc1 a3 $19) 34... a3 35. Bf3 (
35. Ra1 {holt die Kuh nicht vom Eis} 35... Nc4 $19) 35... Qc5 36. Be4 (36. Ra1
{aendert den Lauf der Dinge nicht} 36... b5 $19) 36... f5 37. Bg2 (37. Bxf5 {
waere gleichermassen fruchtlos} 37... gxf5 38. Qg5+ Kh8 39. Qxf5 Kg8 40. Qe6+
Kh8 $19) 37... Qxc2 38. Rc1 Qd3 39. Bh1 (39. Bf1 {
macht keinen grossen Unterschied} 39... Qd4 $19) 39... b5 40. Rc7 (40. Ra1 $19
{haette noch versucht werden koennen}) 40... Qd1+ 41. Kg2 a2 42. Rc1 a1=Q 43.
Rxa1 Qxa1 44. Qe3 Nc4 45. Qe2 (45. Qe6+ Kf8 46. Qe2 Ra8 $19) 45... Kg7 46. Kh2
Qe5 47. Bf3 (47. Qa2 {aendert nichts am Ausgang der Partie} 47... Qd4 48. Bg2
Nd2 $19) 47... Qxe2 48. Bxe2 Rc8 49. g4 fxg4 50. hxg4 b4 51. Kg3 b3 52. f4 Nd2
53. f5 {Mit Kf2 waere Weiss nun aus dem Groebsten heraus} 53... Rc3+ 54. Kf4 b2
55. fxg6 b1=Q 56. gxh7 (56. Bf3 {hilft auch nicht mehr} 56... Rxf3+ 57. Kg5 h6+
58. Kh5 Rh3#) 56... Qe4+ 57. Kg5 Qg6+ 58. Kh4 (58. Kf4 {nuetzt auch nichts mehr
} 58... Qf6#) 58... Qh6# 0-1

[Event "ICS rated standard match"]
[Site "204.178.125.65"]
[Date "2001.01.20"]
[Round "?"]
[White "Hossa"]
[Black "phel"]
[Result "1-0"]
[WhiteElo "2311"]
[BlackElo "1952"]
[PlyCount "85"]
[EventDate "2001.??.??"]

1. e4 c5 2. c3 d5 3. exd5 Qxd5 4. d4 e6 5. Nf3 Nf6 6. Na3 a6 7. Nc4 Qd8 8. Be3
cxd4 9. Qxd4 Qxd4 10. Bxd4 Nbd7 11. Bd3 b5 12. Ncd2 Bb7 13. O-O Be7 14. a4 bxa4
15. Rxa4 O-O 16. Rfa1 Nb8 17. Ne5 Nd5 18. Be4 Bc6 19. Nxc6 Nxc6 20. Bxd5 exd5
21. Rxa6 Rxa6 22. Rxa6 Nxd4 23. cxd4 Rb8 24. b3 Rb4 25. Ra8+ Bf8 26. Ra4 f6 27.
Rxb4 Bxb4 28. Nf3 Kf7 29. Kf1 Ke6 30. Ke2 Kf5 31. Kd3 Kf4 32. Nd2 g5 33. Nf1
Be1 34. Ne3 Bxf2 35. Nxd5+ Kf5 36. b4 Ke6 37. Kc4 Kd6 38. Nxf6 Bg1 39. Nxh7
Bxh2 40. Nxg5 Kc6 41. Ne4 Kc7 42. g4 Bf4 43. g5 {phel resigns} 1-0

[Event "ICS rated blitz match"]
[Site "204.178.125.65"]
[Date "2001.01.20"]
[Round "?"]
[White "Hossa"]
[Black "Mstahl"]
[Result "1-0"]
[WhiteElo "2577"]
[BlackElo "2159"]
[PlyCount "49"]
[EventDate "2001.??.??"]

1. e4 c5 2. c3 d5 3. exd5 Qxd5 4. d4 Nf6 5. Nf3 e6 6. Be3 cxd4 7. cxd4 Nc6 8.
Nc3 Qd6 9. Bd3 Be7 10. O-O O-O 11. Rc1 Nb4 12. Nb5 Qd8 13. Nc7 Rb8 14. Bf4 Bd6
15. Bxd6 Qxd6 16. a3 Nbd5 17. Nxd5 Nxd5 18. Ng5 h6 19. Bh7+ Kh8 20. Bb1 Nf6 21.
Nf3 b6 22. Ne5 Bb7 23. Qd2 Rbc8 24. Rxc8 Rxc8 25. Nxf7+ {Mstahl resigns} 1-0

[Event "ICS rated blitz match"]
[Site "204.178.125.65"]
[Date "2001.01.20"]
[Round "?"]
[White "PostModernist"]
[Black "Hossa"]
[Result "0-1"]
[WhiteElo "2634"]
[BlackElo "2580"]
[PlyCount "102"]
[EventDate "2001.??.??"]

1. e4 e5 2. Bc4 Nf6 3. d3 Nc6 4. Nf3 Be7 5. O-O O-O 6. Bb3 d5 7. Nbd2 Bg4 8. c3
Na5 9. exd5 Nxd5 10. h3 Bh5 11. g4 Bg6 12. Nxe5 Nf4 13. Ndf3 Nxb3 14. Qxb3 Nxd3
15. Nxg6 hxg6 16. Qxb7 Bc5 17. b4 Rb8 18. Qc6 Rb6 19. Qe4 Re6 20. Qc4 Bb6 21.
Rd1 Rd6 22. Bg5 Qd7 23. Rd2 Re8 24. Kg2 Ne5 25. Nxe5 Rxe5 26. Rxd6 cxd6 27. Bf4
Qb7+ 28. f3 d5 29. Qd3 Re6 30. g5 Qe7 31. Kf1 Qd7 32. Rd1 Re7 33. Kg2 Qc6 34.
Kg3 Re8 35. b5 Qc5 36. Qd2 Rd8 37. Qb2 Ba5 38. Rc1 Rc8 39. Bd2 Rb8 40. a4 Qc4
41. Bf4 Rc8 42. Be5 Re8 43. Bd4 Bc7+ 44. Kh4 Bd6 45. Ra1 Re2 46. Qb1 Rg2 47.
Qe1 Bf4 48. Qe8+ Kh7 49. Qe5 Bxe5 50. Re1 Bg3+ 51. Kg4 Qc8+ {
PostModernist resigns} 0-1

[Event "ICS rated blitz match"]
[Site "204.178.125.65"]
[Date "2001.01.20"]
[Round "?"]
[White "Hossa"]
[Black "PostModernist"]
[Result "0-1"]
[WhiteElo "2598"]
[BlackElo "2616"]
[PlyCount "154"]
[EventDate "2001.??.??"]

1. e4 c5 2. c3 d5 3. exd5 Qxd5 4. d4 Nf6 5. Nf3 e6 6. Be3 cxd4 7. cxd4 Nc6 8.
Nc3 Qd6 9. Bd3 Be7 10. O-O O-O 11. Rc1 Nb4 12. Bb5 a6 13. Be2 Nc6 14. Qd2 Nd5
15. Bd3 Nxe3 16. fxe3 f5 17. Qf2 Bd7 18. Bc4 b5 19. Bb3 Bf6 20. Ne2 Na5 21. Bc2
b4 22. Nf4 Bc6 23. b3 g6 24. Bb1 Rad8 25. Bd3 Bxf3 26. Qxf3 e5 27. dxe5 Bxe5
28. Rcd1 Qb6 29. Be2 Rfe8 30. Nd5 Qd6 31. g3 h5 32. Rf2 Rf8 33. Bc4 Nxc4 34.
bxc4 Qc5 35. Qe2 Rfe8 36. Qd3 a5 37. Qc2 Rc8 38. Rc1 Bg7 39. Qe2 Rc6 40. Qd3
Bh6 41. Rf3 Re4 42. Rc2 Rxc4 43. Nf6+ Kg7 44. Nd7 Rc3 45. Rxc3 Qxc3 46. Qd4+
Qxd4 47. exd4 Rc1+ 48. Kg2 Ra1 49. Rf2 Be3 50. Re2 Bxd4 51. Rd2 Bc3 52. Re2 Kh6
53. Nc5 Rd1 54. h4 Bd4 55. Ne6 a4 56. Ng5 Bf6 57. Nh3 b3 58. Nf2 Ra1 59. axb3
axb3 60. Nd3 Ra2 61. Kf3 Rxe2 62. Kxe2 b2 63. Nxb2 Bxb2 64. Ke3 Be5 65. Ke2
Bxg3 66. Kf1 g5 67. Kg1 gxh4 68. Kf1 h3 69. Ke2 h2 70. Ke3 h1=Q 71. Kd4 Qc6 72.
Kd3 Be1 73. Ke2 Qg2+ 74. Kxe1 h4 75. Kd1 h3 76. Ke1 h2 77. Kd1 h1=Q# {
Hossa checkmated} 0-1

[Event "ICS rated standard match"]
[Site "204.178.125.65"]
[Date "2001.01.20"]
[Round "?"]
[White "Amateur"]
[Black "Hossa"]
[Result "1-0"]
[WhiteElo "2351"]
[BlackElo "2315"]
[PlyCount "147"]
[EventDate "2001.??.??"]

1. d4 d6 2. Nf3 Nf6 3. c4 e6 4. Nc3 d5 5. Bd2 Be7 6. e3 c6 7. Bd3 dxc4 8. Bxc4
O-O 9. O-O c5 10. dxc5 Bxc5 11. Rc1 Nc6 12. Bb5 Qe7 13. Bxc6 bxc6 14. Na4 Bd6
15. Qe2 e5 16. e4 Be6 17. b3 Qc7 18. Bg5 Nd7 19. Rfd1 f6 20. Be3 Ba3 21. Rc2
Rad8 22. Nc3 Qb7 23. Rcd2 Bb4 24. Rd3 a5 25. Nh4 Rfe8 26. Na4 Qc7 27. Qh5 c5
28. Nf5 c4 29. bxc4 g6 30. Nh6+ Kg7 31. Qh4 Be7 32. Nb2 Nb8 33. R1d2 Rxd3 34.
Rxd3 Qc6 35. Rb3 a4 36. Rb6 Qd7 37. h3 a3 38. Nd3 Bxc4 39. Nc5 Qd1+ 40. Kh2 Qd8
41. Ne6+ Bxe6 42. Rxe6 f5 43. Nxf5+ gxf5 44. Qh5 Rg8 45. Bh6+ Kh8 46. Qf7 Bf8
47. Re8 Qxe8 48. Qxe8 Bxh6 49. Qxe5+ Bg7 50. Qxf5 Rf8 51. Qb5 Bb2 52. e5 Kg8
53. e6 Bf6 54. f4 Be7 55. Kg3 Kg7 56. Kf3 Rd8 57. g4 Rc8 58. Ke4 Rd8 59. f5 Rf8
60. Qe5+ Bf6 61. Qc7+ Kg8 62. g5 Bxg5 63. Qg3 h6 64. h4 Rc8 65. hxg5 h5 66. Qd6
Nc6 67. Qd7 Rd8 68. Qxd8+ Nxd8 69. e7 Ne6 70. fxe6 h4 71. e8=Q+ Kg7 72. Qf7+
Kh8 73. e7 h3 74. e8=Q# {Hossa checkmated} 1-0